000 00745nam a22002297a 4500
003 UA-OsUOA
001 68539
007 ta
008 20100429b un ||||| |||| 00| 0 ukr d
100 _aДорофєєва Н.
700 _aХижняк Н.
090 _a330(477)
_bД69
942 _cSA
040 _aUA-OsUOA
_bukr
_cUA-OsUOA
_dUA-OsUOA
245 _aМетодологічні аспекти прогнозування потреби у банкнотах на регіональному рівні
300 _aС.23
955 _a0
041 _aukr
080 _a330(477)
773 0 _w68534
_tВісник Національного банку України
_dК.
_d2010
_g4
650 7 _a330 Економіка взагалі
_2UDC
999 _c354795
_d354795